Arte del Rinascimento (Record no. 51595)
[ view plain ]
| 000 -LEADER | |
|---|---|
| campo de control de longitud fija | 00490nam a2200169 i 4500 |
| 001 - NÚMERO DE CONTROL | |
| campo de control | 51595 |
| 003 - IDENTIFICADOR DE NÚMERO DE CONTROL | |
| campo de control | ES-MaACL |
| 005 - FECHA Y HORA DE LA ÚLTIMA TRANSACCIÓN | |
| campo de control | 20260303063012.0 |
| 007 - CAMPO FIJO DE DESCRIPCIÓN FÍSICA--INFORMACIÓN GENERAL | |
| campo de control de longitud fija | t| |
| 008 - DATOS DE LONGITUD FIJA--INFORMACIÓN GENERAL | |
| campo de control de longitud fija | 030814s1925 it ||||1| ita d |
| 100 0# - ENTRADA PRINCIPAL--NOMBRE DE PERSONA | |
| Nombre de persona | Chiappelli, Alessandro |
| 9 (RLIN) | 38459 |
| 245 10 - MENCIÓN DEL TÍTULO | |
| Título | Arte del Rinascimento |
| Resto del título | : (richerche e saggi) / |
| Mención de responsabilidad, etc. | Alesandro Chiappelli. |
| 260 ## - PUBLICACIÓN, DISTRIBUCIÓN, ETC. | |
| Lugar de publicación, distribución, etc. | Roma : |
| Nombre del editor, distribuidor, etc. | [s.n.], |
| Fecha de publicación, distribución, etc. | 1925 ( |
| Fabricante | Grafia) |
| 300 ## - DESCRIPCIÓN FÍSICA | |
| Extensión | 578 p., 10 lám. ; |
| Dimensiones | 26 cm. |
| 852 ## - LOCALIZACIÓN | |
| Ubicación | ES-MaACL |
| Número de control de estantería | F-35 |
| Estatus retirado | Estado de pérdida | Estado de daño | No para préstamo | Biblioteca de origen | Biblioteca actual | Ubicación en estantería | Fecha de adquisición | Fuente de adquisición | Total de préstamos | Signatura topográfica completa | Código de barras | Visto por última vez | Precio de reemplazo | Tipo de ítem Koha |
|---|---|---|---|---|---|---|---|---|---|---|---|---|---|---|
| Biblioteca del Ateneo de Madrid | Biblioteca del Ateneo de Madrid | Depósito 2 | 17/01/2008 | F-35 | 1054260 | 23/02/2023 | 23/02/2023 | Libro impreso |
